00939nam a22002775a 450000500170000000800410001701000140005802000230007202000260009503500130012103500170013403700150015103700220016604000180018808200160020610000190022224500840024126000460032527000640037130000500043550000320048560000340051765100370055165100290058865100440061720090528122430.0090429s2009 ii ab b 001 0 eng  aENG-93779 a0195699343c695.00 a9780195699340c695.00 aEN-77312 aB-360919-922 bDBAD / PUB bUppal Book Store  adplbEnglish  a954.0842092 aDatta, Nonica. aViolence, martyrdom, and partition :ba daughter's testimony /cby Nonica Datta aNew Delhi bOxford University Pressc2009 aYMCA Library Building, Jai Singh Road, bNew Delhi e110001 axv, 235 p. :bill., 1 folded map ;c23cm(Hb)  aIncludes glossary and index aSubhāshiṇī,d1914-2003. aIndiaxHistoryyPartition, 1947. aIndiaxEthnic relations. aHaryana (India)xHistoryy20th century.